OBJECT ORIENTED PROGRAMMING IN C++ (Record no. 23193)
[ view plain ]
| 000 -LEADER | |
|---|---|
| fixed length control field | 00317nam a22001337a 4500 |
| 008 - FIXED-LENGTH DATA ELEMENTS--GENERAL INFORMATION | |
| fixed length control field | 141205b xxu||||| |||| 00| 0 eng d |
| 020 ## - INTERNATIONAL STANDARD BOOK NUMBER | |
| International Standard Book Number | 0672323087 |
| 082 ## - DEWEY DECIMAL CLASSIFICATION NUMBER | |
| Classification number | 005.13 |
| 100 ## - MAIN ENTRY--PERSONAL NAME | |
| Personal name | ROBERT LAFORE |
| 245 ## - TITLE STATEMENT | |
| Title | OBJECT ORIENTED PROGRAMMING IN C++ |
| 250 ## - EDITION STATEMENT | |
| Edition statement | 4TH ED. |
| 260 ## - PUBLICATION, DISTRIBUTION, ETC. | |
| Place of publication, distribution, etc. | INDIA |
| Name of publisher, distributor, etc. | TECHMEDIA |
| Date of publication, distribution, etc. | 2001 |
| 942 ## - ADDED ENTRY ELEMENTS (KOHA) | |
| Koha item type | Book |
| Withdrawn status | Lost status | Damaged status | Not for loan | Permanent Location | Current Location | Shelving location | Date acquired | Total Checkouts | Total Renewals | Full call number | Barcode | Date last seen | Date last checked out | Price effective from | Koha item type |
|---|---|---|---|---|---|---|---|---|---|---|---|---|---|---|---|
| Central Library (CL) | Central Library (CL) | First Floor - Software Engineering/ Programming Language | 03/05/2013 | 2 | 1 | 005.13 | RCMS001281 | 01/29/2020 | 10/14/2019 | 03/05/2013 | Book | ||||
| NUST Baluchistan Campus (NBC) | NUST Baluchistan Campus (NBC) | General Stacks | 03/05/2013 | 4 | 005.13 | RCMS001283 | 06/30/2015 | 06/30/2015 | 03/05/2013 | Book | |||||
| NUST Baluchistan Campus (NBC) | NUST Baluchistan Campus (NBC) | General Stacks | 03/05/2013 | 005.13 | RCMS001284 | 03/05/2013 | 03/05/2013 | Book | |||||||
| NUST Baluchistan Campus (NBC) | NUST Baluchistan Campus (NBC) | General Stacks | 03/05/2013 | 005.13 | RCMS001285 | 03/05/2013 | 03/05/2013 | Book | |||||||
| School of Interdisciplinary Engineering and Sciences (SINES) | School of Interdisciplinary Engineering and Sciences (SINES) | General Stacks | 03/05/2013 | 1 | 005.13 | RCMS001282 | 02/10/2016 | 09/05/2014 | 03/05/2013 | Book |
